| 000 | 00463nam a2200181Ia 4500 | ||
|---|---|---|---|
| 003 | GCL | ||
| 008 | 140319s9999 xx 000 0 eng d | ||
| 040 |
_aGCL / _cGCL |
||
| 082 | 0 | 4 |
_a339 _bCM |
| 100 | 1 | _aWILSON, J.H. | |
| 245 | 1 | 0 |
_aMACRO ECONOMICS FOR MANAGERS / _cWILSON, J.H. |
| 700 | 1 | _aYOUND, DONOVAN | |
| 700 | 1 | _aTHIES, CGIFFORD IF. | |
| 260 |
_a[S.N] : _bALLYN AND BACON ، _c1990 |
||
| 300 | _a470 P | ||
| 650 | 0 | 4 | _aMACROECONOMICS |
| 942 |
_2ddc _cBK |
||
| 999 |
_c21208 _d21208 |
||